| 000 | 00366nam a22001217a 4500 | ||
|---|---|---|---|
| 082 | _aTHE 200 | ||
| 100 |
_aMUHAMMAD SAAD _970464 |
||
| 245 | _aTH-SOF-0972-TROUBLESHOOTING OF FANUC CONTROL CNC MILLING MACHINE | ||
| 260 |
_aNUST COLLEGE OF EME _bISLAMABAD _c2001 |
||
| 650 |
_a MS-MTS-66 MSTHESIS _970400 |
||
| 700 |
_aDR KUNWAR FARAZ AHMED KHAN _917311 |
||
| 942 | _cCF | ||
| 999 |
_c578639 _d578639 |
||